00646 2200241 4500001002100000005001500021035002000036007000300056008004100059020001800100082000800118084001800126084001800144084001800162100002200180245008100202260003900283300003000322650001300352990001300365990001300378990001300391INLIS00000000000939620230626071208 a0010-0623000190ta230626 e 0 ind  a9786027874350 a920 a920 NUR s C.1 a920 NUR s C.2 a920 NUR s C.30 aNur Khalik Ridwan1 aSuluk Gus Dur :bbilik-bilik spiritual sang guru bangsa /cNur Khalik Ridwan aYogyakarta :bAr-Ruzz Media,c2020 a272 hlm. ;c13.5 x 20 cm. 4aBiografi a023.2730 a023.2728 a023.2729